Basic business math : a life-skills approach (Record no. 377783)

MARC details
000 -LEADER
fixed length control field 00686nam a2200217Ia 4500
008 - FIXED-LENGTH DATA ELEMENTS--GENERAL INFORMATION
fixed length control field 191130s2004##################000#0#eng##
020 ## - INTERNATIONAL STANDARD BOOK NUMBER
ISBN 9788176495134
082 ## - DEWEY DECIMAL CLASSIFICATION NUMBER
Classification number 650.01513 TRU
100 ## - MAIN ENTRY--AUTHOR NAME
Personal name Truchon, Richard P
245 ## - TITLE STATEMENT
Title Basic business math : a life-skills approach
Statement of responsibility, etc Richard P. Truchon
250 ## - EDITION STATEMENT
Edition statement Rev. ed
260 ## - PUBLICATION, DISTRIBUTION, ETC. (IMPRINT)
Place of publication New Delhi
Name of publisher Viva Books Private Limited
Year of publication 2004
300 ## - PHYSICAL DESCRIPTION
Number of Pages vii, 144 p. : ill. ; 23 cm.
500 ## - GENERAL NOTE
General note Rev. ed. of: Basic business mathematics. c1990
650 ## - SUBJECT ADDED ENTRY--TOPICAL TERM
Topical Term Business mathematics - Problems, exercises, etc
991 ## -
-- 435429
Holdings
Withdrawn status Lost status Damaged status Not for loan Home library Current library Shelving location Date acquired Full call number Accession Number Price effective from Koha item type
        Anna Centenary Library Anna Centenary Library 6TH FLOOR, A WING 17.10.2020 650.01513 TRU 312666 17.10.2020 English Books

Find us on the map